Countries of Europe by Landmark - Picture Quiz - Statistics

General Stats
  • This quiz has been taken 298 times
  • The average score is 21 of 45
Answer Stats
Picture Hint Answer % Correct
Acropolis Greece
99%
Big Ben United Kingdom
96%
Brandenburg Gate Germany
95%
Sagrada Familia Spain
93%
Eiffel Tower France
91%
Leaning Tower of Pisa Italy
88%
St Basil's Cathedral Russia
83%
Monte Carlo Casino Monaco
77%
Schönbrunn Palace Austria
75%
The Little Mermaid Denmark
73%
Hallgrimskirkja Iceland
68%
Dubrovnik Croatia
67%
St Peter's Basilica Vatican City
66%
Atomium Belgium
60%
Parliament Hungary
51%
Sintra Portugal
49%
Stadshus Sweden
48%
Heddal Stave Church Norway
46%
Motherland Monument Ukraine
46%
Mostar Bridge Bosnia and Herzegovina
42%
Powder Tower Czech Republic
41%
Monument of Alexander the Great North Macedonia
41%
Mariacki Church Poland
41%
Kapellbrücke Switzerland
41%
Bled Castle Slovenia
39%
Buurkerk en Domtoren Netherlands
37%
____ Castle Ireland
36%
____ Cathedral Finland
34%
St. Katidral ta ’Pawlu Malta
33%
Palace of the Parliament Romania
33%
____ Castle Slovakia
30%
Alexander Nevski Church Bulgaria
29%
St Olaf's Church Estonia
29%
Fortress of Guaita San Marino
29%
Sinan Pasha Mosque Kosovo
28%
House of Blackheads Latvia
28%
Church Of Saint Sava Serbia
28%
Mirsky Castle Belarus
24%
Skanderbeg Monument Albania
23%
Perast Islands Montenegro
23%
Church Of Sant Esteve Andorra
21%
Vianden Castle Luxembourg
19%
____ Cathedral Lithuania
18%
____ Castle Liechtenstein
16%
Nativity Cathedral Moldova
13%
No matching quizzes found
Score Distribution
Percent of People with Each Score
Percentile by Number Answered
Your Score History
You have not taken this quiz